Multikulturalizmus v stredoveku a dnes
Recenzia knihy Ve starobylé zemi od Amitava Ghosha.
Saved in:
| Main Author: | |
|---|---|
| Format: | Book Chapter |
| Language: | Slovak |
| Tags: |
No Tags, Be the first to tag this record!
|
MARC
| LEADER | 00000naa a2200000 4500 | ||
|---|---|---|---|
| 001 | 0291573 | ||
| 005 | 20240502074458.7 | ||
| 041 | 0 | |a slo | |
| 044 | |a SK | ||
| 245 | 1 | 0 | |a Multikulturalizmus v stredoveku a dnes |c Tomáš Imrich Profant |
| 520 | |a Recenzia knihy Ve starobylé zemi od Amitava Ghosha. | ||
| 100 | 1 | |a Profant, Tomáš Imrich, 1983- | |